Ne cliquez que sur les nombres pairs ! - Statistiques

Statistiques générales
  • Ce quiz a été pris 562 fois
    552 depuis la dernière actualisation
  • Le résultat moyen est 16 sur 21
Answers on the Grid
Answers color-coded by a green-red scale on the quiz's grid according to % correct below.
0
2
4
6
8
226
13134
444
10
625
125
14
88
91
81
100
152
1000
54
7
1
3
9
69
99
71
29
47
65
121
101
24681
975312
18
36
54
98
76
39
19
 
Statistiques - réponses
Réponse % Correct
4
84%
8
83%
36
82%
2
81%
54
81%
6
81%
13134
80%
18
80%
88
80%
14
79%
226
79%
54
79%
100
78%
98
78%
10
77%
1000
77%
152
77%
975312
77%
444
76%
76
76%
0
57%
Aucun quiz correspondant
Distribution des résultats
% des personnes avec chaque résultat
Percentile par nombre de réponses
Votre historique - résultats
Vous n’avez pas pris ce quiz depuis la dernière actualisation